LEADER 00986cam0 2200253 450 001 E600200041640 005 20210929083922.0 100 $a20081030d2007 |||||ita|0103 ba 101 $aeng 102 $aGB 200 1 $aArchaeology Essentials$eTheories Methods and Practice$fColin Renfrew$gPaul Bahn 210 $aLondon$cThames and Hudson$d2007 215 $a304 p.$cill.$d23 cm 700 1$aRenfrew$b, Colin$3AF00006994$4070$0164593 702 1$aBahn, Paul$3A600200035631$4070 801 0$aIT$bUNISOB$c20210929$gRICA 850 $aUNISOB 852 $aUNISOB$jLaboratorio|Archeologico$m140435 912 $aE600200041640 940 $aM 102 Monografia moderna SBN 941 $aM 957 $aLaboratorio|Archeologico$b000509$gCON$d140435$racquisto Laboratorio archeologico$1catenacci$2UNISOB$3UNISOB$420081030083835.0$520210929083914.0$6Spinosa$fModalità di consultazione sulla Home page della Biblioteca link Fondi 996 $aArchaeology Essentials$91680507 997 $aUNISOB LEADER 01584nas 2200421-a 450 001 996320198303316 005 20240413015356.0 035 $a(CKB)3310000000010172 035 $a(CONSER)---91640115- 035 $a(EXLCZ)993310000000010172 100 $a19910523a19899999 --- - 101 0 $ager 200 10$aArbeitspapiere =$eWorking papers /$fInstitüt für Politische Wissenschaft, Forschungsstelle Kriege, Rüstung und Entwicklung 210 $aHamburg $cUniversität Hamburg, Institüt für Politische Wissenschaft, Forschungsstelle Kriege, Rüstung und Entwicklung 215 $a1 online resource 311 08$aPrint version: Arbeitspapiere (Universität Hamburg. Forschungsstelle Kriege, Rüstung und Entwicklung) 1432-8283 (DLC) 91640115 (OCoLC)23822858 517 1 $aWorking paper 517 1 $aArbeitspapier 517 3 $aWorking papers 606 $aMilitary readiness 606 $aWar 606 $aMilitary history, Modern$y20th century 606 $aMilitary history, Modern$2fast$3(OCoLC)fst01021239 606 $aMilitary readiness$2fast$3(OCoLC)fst01021419 606 $aWar$2fast$3(OCoLC)fst01170328 615 0$aMilitary readiness. 615 0$aWar. 615 0$aMilitary history, Modern 615 7$aMilitary history, Modern. 615 7$aMilitary readiness. 615 7$aWar. 676 $a355.3 712 02$aUniversität Hamburg.$bForschungsstelle Kriege, Rüstung und Entwicklung. 906 $aSERIES 912 $a996320198303316 920 $aexl_impl conversion 996 $aArbeitspapiere$91843734 997 $aUNISA